00858nam a2200205 a 4500008004100000020001500041050001600056100002500072245007000097260003900167300002200206350000900228650001600237650004600253650006900299710005500368995008800423999001700511952012400528120416s1994 ||||||||||||||||| || u a0889367213 aZ 674.4 Hor aHorton, Forest Woddy10aAnalyzing benefits and costs : a guide for information managers / aOttawa, Ont., Canada :bIDRCc1994 axii, 285p. : ill. a0.00 aINFORMATION aInformation services - Cost effectiveness aInformation services - Developing countries - Cost effectiveness aInternational Development Research Centre (Canada) D0.00FCBU-MAIN LIBRARY (Kitwe)H1I13.95M1UAVAILABLEZAnnex Low-Usage Collection  c34377d34377 00102lcc4070a001b001cAnnex Low-Usage Collection d2022-11-30l0oZ 674.4 Horp021801r2022-11-30w2022-11-30y002